Quem quer jogar futebol? / (Record no. 293)

MARC details
000 -LÍDER
campo de controle de tamanho fixo 01028nam a2200289 4500
001 - NÚMERO DE CONTROLE
campo de controle 293
003 - IDENTIFICADOR DO NÚMERO DE CONTROLE
campo de controle OSt
005 - DATA E HORÁRIO DA ÚLTIMA TRANSAÇÃO
campo de controle 20250327115916.0
008 - CAMPO DE DADOS FIXOS--INFORMAÇÃO GERAL
campo de controle de tamanho fixo 250318b |||||||b |||| 00| 1 eng d
020 ## - ISBN - INTERNATIONAL STANDARD BOOK NUMBER
ISBN - International Standard Book Number 9788585972319
040 ## - FONTE DA CATALOGAÇÃO
Idioma da catalogação por
041 ## - CÓDIGO DE IDIOMA
Código do idioma do original e/ou traduções intermediárias do texto por
082 ## - CDD - CLASSIFICAÇÃO DECIMAL DE DEWEY
Número de Classificação I 028.5
Número do exemplar A381q
100 1# - ENTRADA PRINCIPAL--NOME PESSOAL
Nome pessoal Alexandre, Vanessa,
Datas associadas ao nome 1982-
9 (RLIN) 565
245 ## - TÍTULO
Título Quem quer jogar futebol? /
Indicação de responsabilidade, etc. Alexandre, Vanessa ;
260 ## - PUBLICAÇÃO, DISTRIBUIÇÃO, ETC.
Local de publicação, distribuição, etc. Curitiba
Nome do editor, distribuidor, etc. Bolsa Nacional do Livro
Data da publicação, distribuição, etc. 2012
300 ## - DESCRIÇÃO FÍSICA
Extensão 24 p.
Outros detalhes físicos il.
490 1# - TÍTULO DA SÉRIE
Título da série Eu, parte do mundo
520 ## - NOTA DE RESUMO, ETC.
Resumo, etc. Quem quer jogar futebol ? Exalta a importância do ser humano e propõe que a criança veja a diversidade em sua forma mais simples e primária: no relacionamento entre amigos.<br/>A definição de cada um, seja física ou psicológica, dá o apoio necessário a essa reflexão.
650 #0 - ASSUNTO--TERMO TÓPICO
Cabeçalho tópico ou nome geográfico Literatura Brasileira
9 (RLIN) 205
650 #0 - ASSUNTO--TERMO TÓPICO
Cabeçalho tópico ou nome geográfico Infantil
9 (RLIN) 535
650 #0 - ASSUNTO--TERMO TÓPICO
Cabeçalho tópico ou nome geográfico Futebol
9 (RLIN) 566
650 #0 - ASSUNTO--TERMO TÓPICO
Cabeçalho tópico ou nome geográfico Diversidade
9 (RLIN) 567
655 #0 - TERMO DE ÍNDICE--GÊNERO E FORMA
Gênero/forma/ou termo foco Livro Infantil
830 ## - ENTRADA SECUNDÁRIA DE SÉRIE--TÍTULO UNIFORME
Título uniforme Eu, parte do mundo
9 (RLIN) 569
942 ## - ELEMENTOS DE ENTRADA ADICIONADOS (KOHA)
Fonte de classificação ou esquema de arquivamento Classificação decimal de Dewey
Ocultar no OPAC Não
Tipo de material Koha Livros
Holdings
Situação do descarte Situação das perdas Fonte de classificação ou esquema de arquivamento Status danificado Não pode ser emprestado Coleção Biblioteca de origem Biblioteca atual Localização na estante Data de aquisição Fonte de aquisição Total de empréstimos Número de chamada completo Código de barras Data de último acesso Data do preço efetivo Tipo de material Koha
    Classificação decimal de Dewey     Livros Infantis Biblioteca Professor Eduardo Afonso de Castro Biblioteca Professor Eduardo Afonso de Castro Infantil 18.03.2025 doação   I 028.5 / A381q 2025-16727 18.03.2025 18.03.2025 Livros

Powered by Koha